Multimedia tool book
Αποθηκεύτηκε σε:
| Συγγραφή απο Οργανισμό/Αρχή: | |
|---|---|
| Μορφή: | Ηλεκτρονική πηγή |
| Γλώσσα: | Greek |
| Δημοσίευση: |
[χ.τ.] :
Asymetrix,
1992
|
| Θέματα: | |
| Ετικέτες: |
Προσθήκη ετικέτας
Δεν υπάρχουν, Καταχωρήστε ετικέτα πρώτοι!
|
MARC
| LEADER | 00000nmm a2200000 i 4500 | ||
|---|---|---|---|
| 001 | 1/72794 | ||
| 008 | 050307s1992 gr gre d | ||
| 035 | |l 10076920 | ||
| 040 | |a GR-MY-UA |b gre |e aacr | ||
| 041 | 0 | |a gre | |
| 082 | 0 | |a 006.7 |2 (21η εκδ.) | |
| 110 | 2 | |a Asymetrix Corporation. | |
| 245 | 1 | 0 | |a Multimedia |h [αρχείο Η/Υ] : |b tool book / |c Asymetrix Corporation |
| 260 | |a [χ.τ.] : |b Asymetrix, |c 1992 | ||
| 300 | |a 1 οπτική δισκέτα λέϊζερ Η/Υ; |c 4 3/4 ίν. | ||
| 500 | |a Έκδοση αξιολόγησης | ||
| 505 | 0 | |a Μια κατασκευή software χρησιμοποιούμενη για να εγκαταστήσει εφαρμογές πολυμέσων σε περιβάλλον microsoft Windows 3.0 | |
| 650 | 0 | 0 | |a Multimedia systems. |
| 650 | 0 | 0 | |a Windows (Computer programs) |x Software. |
| 650 | 0 | 0 | |a Utilities (Computer programs) |x Software. |
| 852 | |a INST |b CHIOS |c AV |e 20050307 |h 006.7 ASY |p 005200021858 |q 005200021858 |t CDROM |y 23 | ||
| 901 | |a BIBL2-2005-1 | ||
| 909 | |a Χ |b 118817 | ||
| 970 | |a ΧΑΖΙΡΗ |b ΑΝΝΑ |z 2005/03/07 | ||